A H1N1 médiareprezentáció]a. A politikai befolyás lehetőségének feltárása a Magyar Nemzet és a Népszabadság napilapokban

Elmentve itt :
Bibliográfiai részletek
Szerző: Bognár Krisztina
További közreműködők: Hollósi Zsolt (Témavezető)
Dokumentumtípus: Szakdolgozat
Megjelent: 2011
Tárgyszavak:
Online Access:http://diploma.bibl.u-szeged.hu/41600
LEADER 00643nta a2200157 i 4500
001 dipl41600
005 20130923151735.0
008 130923s2011 hu om 0|| hun d
040 |a SZTE Diploma Repozitórium  |b hun 
041 |a hun 
100 1 |a Bognár Krisztina 
245 1 2 |a A H1N1 médiareprezentáció]a. A politikai befolyás lehetőségének feltárása a Magyar Nemzet és a Népszabadság napilapokban  |h [elektronikus dokumentum] /  |c Krisztina Bognár  
260 |c 2011 
650 4 |a Bölcsészettudományok 
700 1 |a Hollósi Zsolt  |e ths 
856 4 0 |u http://diploma.bibl.u-szeged.hu/id/eprint/41600/1/2011_bognar_krisztina.pdf  |z Dokumentum-elérés